Comprensión y producción del lenguaje. Volumen 1 (Registro nro. 242942)

Detalles MARC
001 - NÚMERO DE CONTROL
campo de control 736438
005 - FECHA Y HORA DE LA ÚLTIMA TRANSACCIÓN
campo de control 20260506093006.0
008 - DATOS DE LONGITUD FIJA--INFORMACIÓN GENERAL
campo de control de longitud fija 020511e19900501 spa
020 ## - NÚMERO INTERNACIONAL ESTÁNDAR DEL LIBRO
Número Internacional Estándar del Libro 8420665339
035 ## - NÚMERO DE CONTROL DEL SISTEMA
Número de control de sistema 736438
040 ## - FUENTE DE LA CATALOGACIÓN
Centro/agencia transcriptor comduadb
041 ## - CÓDIGO DE LENGUA
Código de lengua del texto/banda sonora o título independiente spa
082 #4 - NÚMERO DE LA CLASIFICACIÓN DECIMAL DEWEY
Número de clasificación 401
100 10 - ENTRADA PRINCIPAL--NOMBRE DE PERSONA
Nombre de persona Valle, Francisco
Código de función com
Término indicativo de función/relación Compilador
9 (RLIN) 493613
245 10 - MENCIÓN DE TÍTULO
Título Comprensión y producción del lenguaje. Volumen 1
260 ## - PUBLICACIÓN, DISTRIBUCIÓN, ETC.
Lugar de publicación, distribución, etc. Madrid :
Nombre del editor, distribuidor, etc. Alianza Editorial,
Fecha de publicación, distribución, etc. 1990.
300 ## - DESCRIPCIÓN FÍSICA
Extensión 415 páginas.
505 ## - NOTA DE CONTENIDO CON FORMATO
Nota de contenido con formato CONTENIDO : PRIMERA PARTE: COMPRENSIÓN DEL LENGUAJE. -- Introducción. -- Capítulo 1: Un modelo de activación interactivo de los efectos del contexto en la recepción de letras: explicación de los descubrimientos básicos. -- Capítulo 2: Acceso al léxico mental. -- Capítulo 3: Reconocimiento por palabras. -- Capítulo 4: Percepción de palabras y oraciones. -- Capítulo 5: Acceso al léxico durante la comprensión de oraciones: (Re)consideración de los efectos del contexto. -- Capítulo 6: Procesos de comprensión del habla. -- Capítulo 7: Lectura y análisis sintáctico. -- Capítulo 8: Sintaxis, semántica y oraciones ambiguas. -- Capítulo 9: Consideraciones sobre algunos problemas de la comprensión. -- Capítulo 10: Papel del conocimiento previo en las explicaciones psicológicas de la comprensión de textos. -- SEGUNDA PARTE: PRODUCCIÓN DEL LENGUAJE. -- Introducción. -- Capítulo 11: Aportaciones del estudio a las pausas en el habla. -- Capítulo 12: Niveles de procesamiento en la producción de oraciones. -- Capítulo 13: Un modelo de activación interactivo de la producción del lenguaje. -- Bibliografía.
650 #7 - PUNTO DE ACCESO ADICIONAL DE MATERIA--TÉRMINO DE MATERIA
Término de materia o nombre geográfico como elemento de entrada Psicolingüística
Fuente del encabezamiento o término lemb
9 (RLIN) 31208
650 ## - PUNTO DE ACCESO ADICIONAL DE MATERIA--TÉRMINO DE MATERIA
Término de materia o nombre geográfico como elemento de entrada Léxico
9 (RLIN) 87337
650 #7 - PUNTO DE ACCESO ADICIONAL DE MATERIA--TÉRMINO DE MATERIA
Término de materia o nombre geográfico como elemento de entrada Sintaxis
Fuente del encabezamiento o término lemb
9 (RLIN) 39086
650 ## - PUNTO DE ACCESO ADICIONAL DE MATERIA--TÉRMINO DE MATERIA
Término de materia o nombre geográfico como elemento de entrada Habla
9 (RLIN) 62
650 #7 - PUNTO DE ACCESO ADICIONAL DE MATERIA--TÉRMINO DE MATERIA
Término de materia o nombre geográfico como elemento de entrada Semántica
Fuente del encabezamiento o término embne
9 (RLIN) 363
650 ## - PUNTO DE ACCESO ADICIONAL DE MATERIA--TÉRMINO DE MATERIA
Término de materia o nombre geográfico como elemento de entrada Lenguaje
9 (RLIN) 17640
700 10 - ENTRADA AGREGADA--NOMBRE PERSONAL
Nombre de persona Cuetos, Fernando
Código de función com
Término indicativo de función/relación Compilador
9 (RLIN) 510615
700 10 - ENTRADA AGREGADA--NOMBRE PERSONAL
Nombre de persona Igoa, Jose Manuel
Código de función com
Término indicativo de función/relación Compilador
9 (RLIN) 357084
700 10 - ENTRADA AGREGADA--NOMBRE PERSONAL
Nombre de persona Viso Pabón, Susana del
Código de función com
Término indicativo de función/relación Compilador
9 (RLIN) 358760
942 ## - ELEMENTOS DE ENTRADA AGREGADA (KOHA)
Tipo de ítem Koha Libros
Existencias
Estado de retiro Estado de pérdida Estado dañado No para préstamo Código de colección Localización permanente Ubicación/localización actual Fecha de adquisición Fuente de adquisición Coste, precio normal de compra Número de inventario Total de préstamos Signatura topográfica completa Código de barras Fecha visto por última vez Número de copia Precio válido a partir de Tipo de ítem Koha
        Colección General Piso 2 Biblioteca Carlos Gaviria Díaz, Campus Medellín Biblioteca Carlos Gaviria Díaz, Campus Medellín 14/05/2002 Libreria La Fragua 155500.00 C732930   401.9 L471 v1 61000003634579 22/05/2024 1 24/04/2023 Libros